Top 3 Generals by Country - Statistics

General Stats
  • This quiz has been taken 19 times
  • The average score is 10 of 24
Answer Stats
Lived Answer % Correct
356–323 BCE Alexander the Great
100%
1896–1974 Georgy Zhukov
94%
1769–1821 Napoleon Bonaparte
94%
247–183 BCE Hannibal Barca
88%
100–44 BCE Julius Caesar
88%
1891–1944 Erwin Rommel
81%
1712–1786 Frederick the Great
75%
1137–1193 Saladin
50%
275–228 BCE Hamilcar Barca
44%
236–183 BCE Scipio Africanus
44%
1887–1973 Erich von Manstein
38%
592–642 Khalid ibn al-Walid
31%
868–741 Charles Martel
25%
500–565 Flavius Belisarius
25%
1730–1800 Alexander Suvorov
19%
214–275 Aurelian
19%
1221–1263 Alexander Nevsky
13%
319–272 BCE Pyrrhus of Epirus
13%
1759–1814 Hammuda ibn Ali
6%
1611–1675 Henri de La Tour d'Auvergne
6%
~600–636 Al-Muthanna ibn Haritha
0%
~600–641 Al-Nu'man ibn Muqrin
0%
580–664 Amr ibn al-As
0%
595–674 Sa'd ibn Abi Waqqas
0%
No matching quizzes found
Score Distribution
Percent of People with Each Score
Percentile by Number Answered
Your Score History
You have not taken this quiz